| 000 | 01113nam a2200241 i 4500 | ||
|---|---|---|---|
| 001 | 76720 | ||
| 003 | ES-MaACL | ||
| 005 | 20250830111413.0 | ||
| 007 | t| | ||
| 008 | 041005s1916 sp ||||1| spa d | ||
| 110 | 2 |
_aToledo (Archidiócesis). _bArzobispo (1913-1920: Victoriano Guisasola y Menéndez) _9157837 |
|
| 245 | 1 | 0 |
_aJusticia y caridad en la organización cristiana del trabajo : _bcarta pastoral del Emmo. y Rvmo. señor Cardenal Arzobispo de Toledo Primado de las Españas, a sus amados clero y fieles. |
| 260 |
_aMadrid : _b[s.n.], _c1916 ( _fImp. del Asilo de Huérfanos) |
||
| 300 |
_a62 p. ; _c24 cm. |
||
| 530 | _aDisponible en formato digital. | ||
| 610 | 2 | 4 |
_aIglesia Católica- _xDoctrina social _94642 |
| 650 | 4 |
_aJusticia social- _xAspectos religiosos- _xIglesia Católica. _9157840 |
|
| 700 | 1 |
_aGuisasola y Menéndez, Victoriano, _d1852-1920 _960900 |
|
| 852 |
_aES-MaACL _j1501-F-20 _979596 _cDEPOF _zRevisado enlace: 27 de Marzo 2025. |
||
| 856 |
_uhttp://bdh-rd.bne.es/viewer.vm?id=0000132988&page=1 _zBiblioteca Digital Hispánica |
||
| 942 | _2udc | ||
| 999 |
_c76720 _d76720 |
||